• 首页
  • 本馆介绍
  • 公告通知
  • 最新文献
  • 馆藏检索
  • 电子资源
  • 读者导购
  • 参考咨询
  • 我的图书馆
  • 登录
  • 详细信息显示
  • 放入我的书架
  • 预约/预借图书
  • 作者相关作品
  • 分类相关作品
  • 丛书相关作品
  • 出版社相关作品

书目信息

  • 表格格式
  • 工作单格式
  • 卡片格式
题名:
中国野生蔬菜资源
    
 
作者: 关佩聪 , 刘厚诚 , 罗冠英 主编
分册:  
出版信息: 广州   广东科技出版社  2013
页数: 509页
开本: 29cm
丛书名:
单 册:
中图分类: S647
科图分类:
主题词: 野生植物--蔬菜--植物资源--中国 , 野生植物 , 蔬菜 , 植物资源
电子资源:
ISBN: 978-7-5359-5827-3
000 01163nam0 2200313 450
001 007051040
005 20140707105448.37
010    @a978-7-5359-5827-3@b精装@dCNY260.00
100    @a20140228d2013 em y0chiy50 ea
101 0  @achi@eeng
102    @aCN@b440000
105    @aa z 001yy
106    @ar
200 1  @a中国野生蔬菜资源@9zhong guo ye sheng shu cai zi yuan@dWild vegetable resources in China@f关佩聪,刘厚诚,罗冠英主编@zeng
210    @a广州@c广东科技出版社@d2013
215    @a509页@c图@d29cm
300    @a“十二五”国家重点图书出版规划项目 国家出版基金项目
330    @a本书阐述了我国野生蔬菜资源概况、野生蔬菜资源的各种宝贵特质及其对科技与生产的意义和作用,以及多方面潜在的利用价值;根据植物科属、生活型(或习性)和食用部位等进行了分类等。
510 1  @aWild vegetable resources in China@zeng
606 0  @a野生植物@x蔬菜@x植物资源@y中国
606 0  @a野生植物
606 0  @a蔬菜
606 0  @a植物资源
690    @aS647@v5
701  0 @a关佩聪@9guan pei cong@f(1929.6-)@4主编
701  0 @a刘厚诚@9liu hou cheng@4主编
701  0 @a罗冠英@9luo guan ying@4主编
801  0 @aCN@bNLC@c20140321
905    @b847438-40@dS647@e312@f3
    
    中国野生蔬菜资源=Wild vegetable resources in China/关佩聪,刘厚诚,罗冠英主编.-广州:广东科技出版社,2013
    509页:图;29cm
    “十二五”国家重点图书出版规划项目 国家出版基金项目
    
    ISBN 978-7-5359-5827-3(精装):CNY260.00
    本书阐述了我国野生蔬菜资源概况、野生蔬菜资源的各种宝贵特质及其对科技与生产的意义和作用,以及多方面潜在的利用价值;根据植物科属、生活型(或习性)和食用部位等进行了分类等。
●
相关链接 在E读中查询图书 在五车中查询图书 在当当中查询图书 在豆瓣中查询图书


正题名:中国野生蔬菜资源     索取号:S647/312         预约/预借

序号 登录号 条形码 馆藏地/架位号 状态 备注
1 847438   208474382   第二样本阅览室/ [索取号:S647/312] 在馆    
2 847439   208474391   第三借阅区/ [索取号:S647/312] 在馆    
3 847440   208474408   密集书库-生命科学系/ [索取号:S647/312] 在馆    
唐山师范学院图书馆 欢迎您!
大连网信软件有限公司© 版权所有